Obras escogidas

محفوظ في:
التفاصيل البيبلوغرافية
المؤلف الرئيسي: Pirandello, Luigi
التنسيق: كتاب
اللغة:Undetermined
منشور في: Madrid, España Aguilar 1956
الموضوعات:
الوسوم: إضافة وسم
لا توجد وسوم, كن أول من يضع وسما على هذه التسجيلة!

MARC

LEADER 00000nam a2200000Ia 4500
008 170316s9999 xx 000 0 und d
999 |c 8202  |d 8202 
040 |a cru BVZT 
090 |a 850 P-7o 
100 |a Pirandello, Luigi 
245 |a Obras escogidas  |c / Luigi Pirandello 
260 |a Madrid, España  |b Aguilar  |c 1956 
300 |a 1124 páginas 
650 |a LITERATURA ITALIANA  |9 212 
942 |c 15 D  |h 850 P-7o  |2 z